000
00461nam a2200145Ia 4500
008
090124s9999 xx 000 0 und d
082
_b
400417
245
_a
कावळ्याला लागली तहान
250
_a
6
260
_b
कंटक मीरा
_c
1978
300
_a
24
630
_a
कावळ्याला लागली तहान
730
_a
कावळ्याला लागली तहान
942
_c
BOOK
999
_c
196338
_d
196338